[Event "Olympiad-45"]
[Site "Budapest"]
[Date "2024.09.20"]
[Round "9.3"]
[White "Ofowino, Toritsemuwa"]
[Black "Kabilov, Amin"]
[Result "0-1"]
[WhiteElo "2020"]
[BlackElo "2212"]
[PlyCount "112"]
[EventDate "2024.09.11"]
[EventType "team-swiss"]
[EventRounds "11"]
[EventCountry "HUN"]
[SourceTitle "EXT 2025"]
[Source "ChessBase"]
[SourceDate "2024.10.14"]
[SourceVersion "1"]
[SourceVersionDate "2024.10.14"]
[SourceQuality "1"]
[WhiteTeam "Nigeria"]
[BlackTeam "Tajikistan"]
[WhiteTeamCountry "NGR"]
[BlackTeamCountry "TJK"]

1. d4 c5 2. d5 Nf6 3. Nc3 e5 4. e4 d6 5. Bb5+ Nbd7 6. a4 Be7 7. Nf3 0-0 8. 0-0 Ne8 9. Be3 Nc7 10. Be2 g6 11. Nd2 Bg5 12. Nc4 Bxe3 13. Nxe3 Qe7 14. Bg4 Ne8 15. g3 Ng7 16. Qd3 f5 17. Bf3 fxe4 18. Bxe4 Nf6 19. Bg2 Nf5 20. Rae1 Nxe3 21. fxe3 Bf5 22. e4 Bd7 23. b3 a6 24. Rf2 Ng4 25. Rxf8+ Rxf8 26. Nd1 Qg5 27. h3 Nf6 28. Qe3 Qh5 29. g4 Qh4 30. Qf2 Qxf2+ 31. Nxf2 h5 32. gxh5 Nxh5 33. Re3 b5 34. axb5 axb5 35. Bf3 Nf4 36. Bg4 Bxg4 37. hxg4 Ra8 38. Nd3 Nxd3 39. Rxd3 Rf8 40. Kg2 Rf4 41. Re3 Rxg4+ 42. Kf3 Rh4 43. Re2 Rh3+ 44. Kg4 Rc3 45. Kh4 Kg7 46. Kg4 b4 47. Kh4 Rf3 48. Kg4 Rf1 49. Kg3 g5 50. Kg2 Rf4 51. Kg3 Kg6 52. Kh3 Kh5 53. Kg3 g4 54. Rh2+ Kg5 55. Re2 Rf3+ 56. Kg2 Kf4 0-1

[Event "Titled Tuesday intern op 06th Aug Early"]
[Site "Chess.com INT"]
[Date "2024.08.06"]
[Round "3"]
[White "Spata, German"]
[Black "Kabilov, Amin"]
[Result "0-1"]
[WhiteElo "2399"]
[BlackElo "2212"]
[PlyCount "102"]
[EventDate "2024.08.06"]
[EventType "swiss (blitz)"]
[EventRounds "11"]
[EventCountry "USA"]
[SourceTitle "EXT 2025"]
[Source "ChessBase"]
[SourceDate "2024.10.14"]
[SourceVersion "1"]
[SourceVersionDate "2024.10.14"]
[SourceQuality "1"]

1. d4 Nf6 2. Nf3 c5 3. e3 e6 4. Bd3 b6 5. 0-0 Bb7 6. c4 d6 7. Nc3 Be7 8. d5 0-0 9. e4 Nbd7 10. a3 a6 11. Rb1 exd5 12. exd5 Ng4 13. Bf4 Re8 14. Qc2 g6 15. h3 Nge5 16. Nxe5 dxe5 17. Bh6 Bf6 18. Ne4 Be7 19. Rbd1 f5 20. Nc3 e4 21. Be2 Bg5 22. Bxg5 Qxg5 23. f4 exf3 24. Bxf3 Ne5 25. b3 Rad8 26. Qd2 Qh4 27. Na4 Rd6 28. Qf2 Qf6 29. Rfe1 Rd7 30. Kh1 Rde7 31. d6 Nd3 32. Rxe7 Nxf2+ 33. Kg1 Rxe7 34. dxe7 Nxh3+ 35. gxh3 Qxe7 36. Bxb7 Qxb7 37. Rd6 b5 38. Nxc5 Qc7 39. Rd5 bxc4 40. bxc4 Qg3+ 41. Kf1 Qxh3+ 42. Ke2 Qxa3 43. Nd3 Qa2+ 44. Ke3 Qxc4 45. Rc5 Qe4+ 46. Kd2 f4 47. Re5 Qg2+ 48. Kc3 f3 49. Nf4 Qg3 50. Nd3 f2 51. Re8+ Kf7 0-1

[Event "Kazan BRICS Games Blitz Team"]
[Site "Kazan"]
[Date "2024.06.21"]
[Round "4.1"]
[White "Kabilov, Amin"]
[Black "Mesfin, Leykun"]
[Result "1-0"]
[WhiteElo "2200"]
[BlackElo "2118"]
[PlyCount "67"]
[EventDate "2024.06.21"]
[EventType "team-swiss (blitz)"]
[EventRounds "11"]
[EventCountry "RUS"]
[SourceTitle "CBM 220 Extra"]
[Source "ChessBase"]
[SourceDate "2024.07.31"]
[SourceVersion "1"]
[SourceVersionDate "2024.07.31"]
[SourceQuality "1"]
[WhiteTeam "Tajikistan"]
[BlackTeam "Ethiopia"]
[WhiteTeamCountry "TJK"]
[BlackTeamCountry "ETH"]

1. d4 Nf6 2. c4 g6 3. Nc3 Bg7 4. e4 d6 5. Nf3 0-0 6. Be2 e5 7. dxe5 dxe5 8. Qxd8 Rxd8 9. Bg5 c6 10. 0-0 Re8 11. Rfd1 Na6 12. h3 h6 13. Be3 Nc7 14. c5 Nh7 15. Nd2 Ne6 16. Nc4 Nd4 17. Nd6 Rd8 18. Bc4 Be6 19. Bxe6 Nxe6 20. Nxb7 Rdb8 21. Na5 Rxb2 22. Nxc6 Rc2 23. Rac1 Rxc1 24. Rxc1 Nd4 25. Bxd4 exd4 26. Nd5 Nf6 27. Nxf6+ Bxf6 28. e5 Bg7 29. f4 Bf8 30. Nxd4 Rc8 31. c6 Kg7 32. Nb5 a6 33. Nd6 Rc7 34. Ne8+ 1-0

[Event "Kazan BRICS Games Rapid Team"]
[Site "Kazan"]
[Date "2024.06.20"]
[Round "7.9"]
[White "Kabilov, Amin"]
[Black "Ayyad, Maher"]
[Result "1-0"]
[WhiteElo "2200"]
[BlackElo "1980"]
[PlyCount "169"]
[EventDate "2024.06.20"]
[EventType "team-swiss (rapid)"]
[EventRounds "9"]
[EventCountry "RUS"]
[SourceTitle "CBM 220 Extra"]
[Source "ChessBase"]
[SourceDate "2024.07.31"]
[SourceVersion "1"]
[SourceVersionDate "2024.07.31"]
[SourceQuality "1"]
[WhiteTeam "Tajikistan"]
[BlackTeam "Bahrain"]
[WhiteTeamCountry "TJK"]
[BlackTeamCountry "BHN"]

1. d4 d5 2. Nf3 Nf6 3. c4 e6 4. Nc3 c6 5. cxd5 exd5 6. Bg5 Nbd7 7. e3 Be7 8. Bd3 0-0 9. 0-0 Re8 10. Qc2 Nf8 11. Ne5 Ne4 12. Nxe4 dxe4 13. Bc4 Be6 14. Bxe6 Nxe6 15. Bxe7 Qxe7 16. Qxe4 c5 17. Rfe1 cxd4 18. exd4 Rad8 19. Rad1 Qb4 20. Nf3 Qxb2 21. d5 Nc7 22. Qc4 Rxe1+ 23. Rxe1 Qb6 24. Ng5 Qd6 25. Ne4 Qe5 26. d6 Ne6 27. Rd1 b6 28. g3 h6 29. d7 Nc5 30. Nxc5 Qxc5 31. Qe4 Qf8 32. Qb7 Qc5 33. Qxa7 Qc2 34. Re1 Qc6 35. Rd1 Qc2 36. Re1 Qc6 37. Rd1 Qc2 38. Re1 Qc6 39. Re8+ Rxe8 40. dxe8Q+ Qxe8 41. Qxb6 Qe1+ 42. Kg2 Qe4+ 43. f3 Qc2+ 44. Qf2 Qa4 45. Qb2 g6 46. h4 h5 47. Qb3 Qa6 48. Kf2 Qa7+ 49. Kg2 Qa6 50. Qc2 Kh7 51. a4 Kg8 52. Qe4 Kh7 53. Kf2 Qa7+ 54. Kg2 Qa6 55. Qe7 Kg8 56. Qe8+ Kg7 57. Qb5 Qc8 58. Qb2+ Kg8 59. a5 Qa6 60. Qe5 Qd3 61. Qb8+ Kg7 62. Qb2+ Kg8 63. Qa2 Qa6 64. Kh2 Kg7 65. Kg2 Kg8 66. Kf2 Qa7+ 67. Kf1 Qa6+ 68. Ke1 Qa7 69. Kf1 Qa6+ 70. Kg2 Kg7 71. g4 hxg4 72. fxg4 Qb7+ 73. Kg3 Qc7+ 74. Kg2 Qb7+ 75. Kf2 Qa7+ 76. Kf3 Qb7+ 77. Ke3 Qe7+ 78. Kd4 Qd7+ 79. Qd5 Qxg4+ 80. Kc5 Qc8+ 81. Qc6 Qf8+ 82. Qd6 Qc8+ 83. Kb6 f5 84. a6 Qc2 85. Qc7+ 1-0

[Event "Kazan BRICS Games Rapid Team"]
[Site "Kazan"]
[Date "2024.06.20"]
[Round "4.13"]
[White "Kabilov, Amin"]
[Black "Ssegwanyi, Arthur"]
[Result "0-1"]
[WhiteElo "2200"]
[BlackElo "2365"]
[PlyCount "66"]
[EventDate "2024.06.20"]
[EventType "team-swiss (rapid)"]
[EventRounds "9"]
[EventCountry "RUS"]
[SourceTitle "CBM 220 Extra"]
[Source "ChessBase"]
[SourceDate "2024.07.31"]
[SourceVersion "1"]
[SourceVersionDate "2024.07.31"]
[SourceQuality "1"]
[WhiteTeam "Tajikistan"]
[BlackTeam "Uganda"]
[WhiteTeamCountry "TJK"]
[BlackTeamCountry "UGA"]

1. e4 e5 2. Nf3 Nc6 3. Bb5 a6 4. Ba4 Nf6 5. 0-0 Be7 6. Bxc6 dxc6 7. d3 Nd7 8. Nbd2 0-0 9. Nc4 Bf6 10. a4 Re8 11. b4 Nf8 12. Bb2 Ng6 13. Re1 Bd7 14. d4 exd4 15. e5 Be7 16. Qxd4 Be6 17. Qc3 Bd5 18. Rad1 Qc8 19. e6 Bf6 20. exf7+ Kxf7 21. Nd4 Qg4 22. f3 Qg5 23. Ne3 Nh4 24. Ng4 h5 25. Bc1 Qg6 26. g3 Nxf3+ 27. Kf2 hxg4 28. Rxe8 Rxe8 29. Be3 Qh5 30. h4 Nxh4 31. Qd3 Ng6 32. Nf5 Qh2+ 33. Ke1 Ne5 0-1

[Event "Kazan BRICS Games Blitz"]
[Site "Kazan"]
[Date "2024.06.19"]
[Round "2"]
[White "Bongo Akanga Ndjila, Barthelemy"]
[Black "Kabilov, Amin"]
[Result "0-1"]
[WhiteElo "1894"]
[BlackElo "2200"]
[PlyCount "77"]
[EventDate "2024.06.19"]
[EventType "swiss (blitz)"]
[EventRounds "11"]
[EventCountry "RUS"]
[SourceTitle "CBM 220 Extra"]
[Source "ChessBase"]
[SourceDate "2024.07.31"]
[SourceVersion "1"]
[SourceVersionDate "2024.07.31"]
[SourceQuality "1"]

1. d4 Nf6 2. c4 e5 3. dxe5 Ng4 4. Nf3 Bc5 5. e3 Nc6 6. Nc3 0-0 7. Be2 Re8 8. 0-0 a5 9. a3 Ncxe5 10. Nxe5 Nxe5 11. Rb1 Ra6 12. b4 Rd6 13. Qc2 axb4 14. axb4 Ba7 15. c5 Rg6 16. f4 Nc6 17. Bd3 Rh6 18. Nb5 Bb8 19. e4 d5 20. f5 dxe4 21. Bxe4 Rh4 22. Bf4 Nd4 23. Rbd1 Nxc2 24. Rxd8 Rxd8 25. Bxc2 Bd7 26. Bxc7 Bxb5 27. Bxd8 Bxh2+ 28. Kh1 Rh5 29. Bd1 Rh6 30. Bg5 Bxf1 31. Bxh6 Be5 32. Be3 Bc3 33. Bf3 Ba6 34. b5 Bxb5 35. Bxb7 Be5 36. c6 Bc7 37. Kg1 Kf8 38. Kf2 Ke7 39. Kf3 0-1

[Event "Kazan BRICS Games Blitz"]
[Site "Kazan"]
[Date "2024.06.19"]
[Round "6"]
[White "Kabilov, Amin"]
[Black "Shiferaw, Yalemzewde Mekonnen"]
[Result "1-0"]
[WhiteElo "2200"]
[BlackElo "2025"]
[PlyCount "43"]
[EventDate "2024.06.19"]
[EventType "swiss (blitz)"]
[EventRounds "11"]
[EventCountry "RUS"]
[SourceTitle "CBM 220 Extra"]
[Source "ChessBase"]
[SourceDate "2024.07.31"]
[SourceVersion "1"]
[SourceVersionDate "2024.07.31"]
[SourceQuality "1"]

1. Nf3 Nf6 2. d4 d5 3. c4 c6 4. Nc3 e6 5. Bg5 dxc4 6. e4 b5 7. a4 Bb4 8. Be2 Nbd7 9. 0-0 Qb6 10. axb5 cxb5 11. d5 Bxc3 12. bxc3 Nxe4 13. dxe6 Qxe6 14. Nd4 Qd5 15. Bf3 0-0 16. Re1 f5 17. Be7 Re8 18. Nxf5 Qxd1 19. Raxd1 Nxc3 20. Bxa8 Nxd1 21. Bd5+ Kh8 22. Nd6 1-0

[Event "Kazan BRICS Games Blitz"]
[Site "Kazan"]
[Date "2024.06.19"]
[Round "1"]
[White "Kabilov, Amin"]
[Black "Tsaruk, Maksim"]
[Result "0-1"]
[WhiteElo "2200"]
[BlackElo "2480"]
[PlyCount "65"]
[EventDate "2024.06.19"]
[EventType "swiss (blitz)"]
[EventRounds "11"]
[EventCountry "RUS"]
[SourceTitle "CBM 220 Extra"]
[Source "ChessBase"]
[SourceDate "2024.07.31"]
[SourceVersion "1"]
[SourceVersionDate "2024.07.31"]
[SourceQuality "1"]

1. Nf3 f5 2. d3 Nc6 3. e4 e5 4. Nc3 Nf6 5. g3 fxe4 6. dxe4 Bc5 7. Bg2 0-0 8. 0-0 d6 9. Na4 Bb6 10. Nxb6 axb6 11. c3 Be6 12. Re1 h6 13. Nh4 Qe8 14. Nf5 Rxa2 15. Rxa2 Bxa2 16. b3 Na5 17. b4 Nc6 18. Qd3 Be6 19. h3 Ne7 20. g4 Ng6 21. Be3 Qd7 22. Ra1 h5 23. f3 d5 24. Ra7 hxg4 25. hxg4 dxe4 26. Qxd7 Bxd7 27. Rxb7 exf3 28. Bxf3 e4 29. Be2 Rc8 30. Bc4+ Kh7 31. Bf7 Ne5 32. Bb3 Nexg4 33. Ne7 0-1

[Event "Kazan BRICS Games Rapid"]
[Site "Kazan"]
[Date "2024.06.18"]
[Round "8"]
[White "Abdulrahman Mohammad, Al Taher"]
[Black "Kabilov, Amin"]
[Result "0-1"]
[WhiteElo "2105"]
[BlackElo "2200"]
[PlyCount "106"]
[EventDate "2024.06.18"]
[EventType "team-swiss (rapid)"]
[EventRounds "9"]
[EventCountry "RUS"]
[SourceTitle "CBM 220 Extra"]
[Source "ChessBase"]
[SourceDate "2024.07.31"]
[SourceVersion "1"]
[SourceVersionDate "2024.07.31"]
[SourceQuality "1"]

1. d4 Nf6 2. c4 g6 3. Nc3 Bg7 4. e4 0-0 5. f4 d6 6. Nf3 c5 7. d5 e6 8. Be2 exd5 9. cxd5 Re8 10. e5 Nfd7 11. e6 fxe6 12. dxe6 Nf6 13. 0-0 Bxe6 14. Ng5 Kh8 15. Nxe6 Rxe6 16. Bc4 Re8 17. f5 Nc6 18. fxg6 Ne5 19. Bb5 Rf8 20. Bg5 Qb6 21. Bxf6 c4+ 22. Kh1 Rxf6 23. Rxf6 Bxf6 24. Nd5 Qxb5 25. Nxf6 Nxg6 26. Qxd6 Qxb2 27. Re1 Qf2 28. Rg1 Qb6 29. Ne4 Qxd6 30. Nxd6 c3 31. Rc1 Rf8 32. h3 Rf2 33. Rxc3 Rxa2 34. Rc8+ Kg7 35. Rc7+ Kf6 36. Rxb7 h5 37. Nc4 Nf4 38. g4 h4 39. Rb2 Rxb2 40. Nxb2 Nxh3 41. Kg2 Ng5 42. Nd3 a5 43. Kf2 a4 44. Ke3 a3 45. Nb4 Ne6 46. Kf3 Kg5 47. Na2 Nd4+ 48. Kg2 Kxg4 49. Kh2 Nf3+ 50. Kg2 h3+ 51. Kh1 Ng5 52. Nc3 Ne4 53. Na2 Kg3 0-1